Petit Bac (Géographie) - Lettre X - Statistiques

Statistiques générales
  • Ce quiz a été pris 67 fois
  • Le résultat moyen est 1 sur 5
Statistiques - réponses
Thèmes Mots commençant par X % Correct
Ville chinoise de plus d'un million d'habitants Xiamen / Xi'an / Xuzhou / Xiangyang / Xiangtan +4
95%
Région de Chine Xinjiang / Xizang / Xianggang
14%
Ville allemande Xanten
5%
Fleuve et rivière Xi Jiang / Xingu
4%
Division territoriale et municipalité de Mexico Xochimilco / Xonacatlán / Xalatlaco
2%
Aucun quiz correspondant
Distribution des résultats
% des personnes avec chaque résultat
Percentile par nombre de réponses
Votre historique - résultats
Vous n’avez pas pris ce quiz